000
00291nam a2200109Ia 4500
005
20260328104336.0
008
260328s9999||||xx |||||||||||||| ||und||
245
0
_a
Lo Mejor Del Urbanismo Y De La Arquitectura En Colombia /
260
_b
LIBRERIA COLOMBIANA
650
_a
COLOMBIA
942
_c
BK
999
_c
11914
_d
11914